000 00397nam a22001337a 4500
003 SGT
020 _a8123901526
082 _a080
_bR92J
100 _aजैन सी. के.
245 _aराजीव गाँधी एवं संसद
260 _bCBS पब्लिशर्स एंड डिस्ट्रीब्यूटर्स
_c1992
300 _a683
942 _2ddc
_cBK
999 _c31472
_d31472